000
00226nam a22000857a 4500
999
_c
11021
_d
11021
008
180724b ||||| |||| 00| 0 eng d
100
_a
Whitehead Dan
_9
6808
245
_a
Jason and the Argonauts
260
_a
New Delhi
_b
Campfire
_c
2016